Carnegie atlas of galaxies (Record no. 42450)
[ view plain ]
| 000 -LEADER | |
|---|---|
| fixed length control field | 00561nam a22001817a 4500 |
| 008 - FIXED-LENGTH DATA ELEMENTS--GENERAL INFORMATION | |
| fixed length control field | 230612b |||||||| |||| 00| 0 eng d |
| 020 ## - INTERNATIONAL STANDARD BOOK NUMBER | |
| International Standard Book Number | 0-87279-667-1 |
| 040 ## - CATALOGING SOURCE | |
| Original cataloging agency | National Science Library |
| Transcribing agency | National Science Library |
| 080 ## - UNIVERSAL DECIMAL CLASSIFICATION NUMBER | |
| Universal Decimal Classification number | R 524.6/.7(084.4) |
| Item number | N4.1 |
| 100 1# - MAIN ENTRY--PERSONAL NAME | |
| Personal name | Sandage, Allan |
| 9 (RLIN) | 7442 |
| 245 ## - TITLE STATEMENT | |
| Title | Carnegie atlas of galaxies |
| 260 ## - PUBLICATION, DISTRIBUTION, ETC. | |
| Place of publication, distribution, etc. | Washington, D.C.: |
| Name of publisher, distributor, etc. | Carnegie Institution of Washington, |
| Date of publication, distribution, etc. | 1994 |
| 500 ## - GENERAL NOTE | |
| General note | Vol. 1 (ISBN: 0-87279-667-1) |
| 650 ## - SUBJECT ADDED ENTRY--TOPICAL TERM | |
| Topical term or geographic name entry element | Astronomy |
| 653 ## - INDEX TERM--UNCONTROLLED | |
| Uncontrolled term | Atlas |
| 700 ## - ADDED ENTRY--PERSONAL NAME | |
| Personal name | Bedke, John (Ed.) |
| 942 ## - ADDED ENTRY ELEMENTS (KOHA) | |
| Source of classification or shelving scheme | Universal Decimal Classification |
| Koha item type | Reference |
| Withdrawn status | Lost status | Source of classification or shelving scheme | Damaged status | Not for loan | Collection | Home library | Current library | Shelving location | Date acquired | Serial Enumeration / chronology | Total Checkouts | Full call number | Barcode | Date last seen | Price effective from | Koha item type |
|---|---|---|---|---|---|---|---|---|---|---|---|---|---|---|---|---|
| Universal Decimal Classification | Reference | National Science Library | National Science Library | GF/Rk-22/C-10/R-1 | 12/01/1996 | Vol. 1 (ISBN: 0-87279-667-1) | R 524.6/.7(084.4) N4.1 | 176322 | 12/06/2023 | 12/01/1996 | Reference |